[Event "6. Torneo de Promoción C.A. Mar Menor"]
[Site "San Pedro del Pinatar ESP"]
[Date "2015.01.31"]
[Round "3.4"]
[White "Patino Andreu, Ramon"]
[Black "Galiano Martinez, Antonio"]
[Result "1-0"]
[WhiteElo "1879"]
[BlackElo "2015"]
[PlyCount "66"]
[EventDate "2015.01.30"]
[EventType "swiss"]
[EventRounds "7"]
[EventCountry "ESP"]
[Source "lmi"]
[SourceDate "2015.01.03"]

1. e4 e6 2. d4 d5 3. exd5 exd5 4. Qf3 c5 5. Bb5+ Nc6 6. Ne2 Nf6 7. Bxc6+ bxc6
8. h3 Qb6 9. c3 cxd4 10. cxd4 Bd6 11. O-O O-O 12. Nbc3 Ba6 13. Rd1 Rfe8 14. Rb1
Ne4 15. Be3 Re7 16. Nf4 Nxc3 17. bxc3 Qc7 18. Nd3 Bc4 19. Rb2 a5 20. Nc5 Bxc5
21. dxc5 a4 22. a3 Rae8 23. g3 Qa5 24. Rb4 Qa6 25. Rd4 Be2 26. Qf5 g6 27. Qf4
Qc8 28. Kh2 Bf1 29. g4 h5 30. Qh6 Re5 31. Rf4 Rxe3 32. fxe3 Rxe3 33. Rxf1 Qe6
1-0

[Event "6. Torneo de Promoción C.A. Mar Menor"]
[Site "San Pedro del Pinatar ESP"]
[Date "2015.01.31"]
[Round "3.5"]
[White "Alcobas Cervantes, Miguel Ange"]
[Black "Alvarez Morales, Miguel"]
[Result "1/2-1/2"]
[WhiteElo "1857"]
[BlackElo "1981"]
[PlyCount "48"]
[EventDate "2015.01.30"]
[EventType "swiss"]
[EventRounds "7"]
[EventCountry "ESP"]
[Source "lmi"]
[SourceDate "2015.01.03"]

1. d4 Nf6 2. Nf3 e6 3. e3 c5 4. Bd3 d5 5. b3 cxd4 6. exd4 Bb4+ 7. c3 Bd6 8. O-O
Qc7 9. c4 dxc4 10. bxc4 O-O 11. Nc3 a6 12. Bb2 Nc6 13. Ne4 Be7 14. Qe2 Rd8 15.
Rac1 Nxe4 16. Qxe4 f5 17. Qe2 Bf6 18. Rfe1 Nxd4 19. Bxd4 Bxd4 20. Nxd4 Rxd4 21.
Bxf5 e5 22. Bxh7+ Kxh7 23. Qh5+ Kg8 24. Qe8+ Kh7 1/2-1/2

[Event "6. Torneo de Promoción C.A. Mar Menor"]
[Site "San Pedro del Pinatar ESP"]
[Date "2015.01.31"]
[Round "3.6"]
[White "Lasheras, Juan Thomas"]
[Black "Cano Alarcon, Rafael"]
[Result "1/2-1/2"]
[WhiteElo "1977"]
[BlackElo "1823"]
[PlyCount "122"]
[EventDate "2015.01.30"]
[EventType "swiss"]
[EventRounds "7"]
[EventCountry "ESP"]
[Source "lmi"]
[SourceDate "2015.01.03"]

1. d4 e6 2. Nf3 Nf6 3. c4 b6 4. a3 Bb7 5. Nc3 Be7 6. d5 exd5 7. cxd5 d6 8. e4
Nbd7 9. Bd3 O-O 10. O-O Ne5 11. Bc2 Nxf3+ 12. Qxf3 Nd7 13. Qh3 Ne5 14. f4 Bc8
15. Qe3 Ng6 16. Ne2 f5 17. exf5 Bxf5 18. Bxf5 Rxf5 19. Nd4 Rf7 20. Bd2 Bf6 21.
Ne6 Qd7 22. Rac1 Re7 23. Bc3 Bxc3 24. Qxc3 c5 25. dxc6 Qxe6 26. f5 Qe3+ 27.
Qxe3 Rxe3 28. fxg6 hxg6 29. Rfd1 Re6 30. b4 Kf7 31. b5 Ke7 32. Re1 d5 33. Rxe6+
Kxe6 34. Kf2 Kd6 35. Ke3 Re8+ 36. Kd4 Re7 37. Rc2 Rf7 38. Ke3 Re7+ 39. Kf4 Rc7
40. h4 Re7 41. Kg5 Rc7 42. g4 d4 43. Kxg6 Kd5 44. h5 d3 45. Rb2 Kc4 46. Kf5 Kc3
47. Rh2 d2 48. Rxd2 Kxd2 49. Ke6 Ke3 50. Kd6 Rf7 51. c7 Rf8 52. Kd7 Kf4 53.
c8=Q Rxc8 54. Kxc8 Kxg4 55. Kb7 Kxh5 56. Kxa7 g5 57. Kxb6 g4 58. Ka6 g3 59. b6
g2 60. b7 g1=Q 61. b8=Q Qe3 1/2-1/2

[Event "6. Torneo de Promoción C.A. Mar Menor"]
[Site "San Pedro del Pinatar ESP"]
[Date "2015.01.31"]
[Round "3.7"]
[White "Ibanez Guillen, Enrique"]
[Black "Fernandez Alvarez, Luis"]
[Result "0-1"]
[WhiteElo "1851"]
[BlackElo "1973"]
[PlyCount "76"]
[EventDate "2015.01.30"]
[EventType "swiss"]
[EventRounds "7"]
[EventCountry "ESP"]
[Source "lmi"]
[SourceDate "2015.01.03"]

1. c4 Nf6 2. g3 g6 3. Bg2 d6 4. b4 Bg7 5. Bb2 e5 6. b5 O-O 7. d3 a6 8. Nc3 Nbd7
9. a4 Nc5 10. Ba3 Re8 11. Qc2 Qe7 12. Bxc5 dxc5 13. Rb1 axb5 14. axb5 Ra7 15.
Nd5 Nxd5 16. Bxd5 Be6 17. Bg2 Bf5 18. e4 Be6 19. Ne2 Qd6 20. O-O Rd8 21. Rfd1
Bh6 22. Nc3 Bg4 23. b6 Bxd1 24. Qxd1 cxb6 25. Nd5 Ra6 26. Bh3 Rda8 27. Bg4 Bg7
28. h4 h5 29. Bh3 Bf6 30. Kg2 Kg7 31. Kf3 Bd8 32. Ke3 Ra2 33. g4 Bxh4 34. gxh5
Bxf2+ 35. Kf3 Qd8 36. Qh1 Qh4 37. Qg2 Bd4 38. h6+ Kxh6 0-1

[Event "6. Torneo de Promoción C.A. Mar Menor"]
[Site "San Pedro del Pinatar ESP"]
[Date "2015.01.31"]
[Round "3.8"]
[White "Pol Plazas, Pedro"]
[Black "Motos Abellan, Daniel"]
[Result "0-1"]
[WhiteElo "1949"]
[BlackElo "1790"]
[PlyCount "86"]
[EventDate "2015.01.30"]
[EventType "swiss"]
[EventRounds "7"]
[EventCountry "ESP"]
[Source "lmi"]
[SourceDate "2015.01.03"]

1. e4 e6 2. d4 b6 3. c4 d5 4. cxd5 exd5 5. e5 c5 6. Nc3 Bb7 7. Qa4+ Bc6 8. Bb5
Qd7 9. Be3 a6 10. Bxc6 Nxc6 11. Rd1 c4 12. a3 Nge7 13. Nge2 Ng6 14. f4 Nh4 15.
O-O Be7 16. f5 b5 17. Qc2 b4 18. Na4 Rb8 19. g3 bxa3 20. bxa3 Bxa3 21. Ra1 Rb3
22. Rxa3 Rxa3 23. Nc5 Qc8 24. Qc1 Rxe3 25. Qxe3 Nxf5 26. Qg5 g6 27. Qf6 O-O 28.
Kg2 Ne3+ 29. Kg1 Nxf1 30. Kxf1 Qf5+ 31. Qxf5 gxf5 32. Nxa6 Rc8 33. Kf2 Kg7 34.
Ke3 Ra8 35. Nc7 Ra3+ 36. Kd2 Rd3+ 37. Ke1 Nxd4 38. Nf4 Re3+ 39. Kf2 Rxe5 40.
Ncxd5 Ne6 41. Nh5+ Kg6 42. Nhf6 c3 43. h4 Rxd5 0-1

[Event "6. Torneo de Promoción C.A. Mar Menor"]
[Site "San Pedro del Pinatar ESP"]
[Date "2015.01.31"]
[Round "3.9"]
[White "Aledo Yanguas, Javier"]
[Black "Cartagena Sanchez, Javier"]
[Result "1-0"]
[WhiteElo "1828"]
[BlackElo "1933"]
[PlyCount "63"]
[EventDate "2015.01.30"]
[EventType "swiss"]
[EventRounds "7"]
[EventCountry "ESP"]
[Source "lmi"]
[SourceDate "2015.01.03"]

1. e4 e5 2. Nf3 Nc6 3. c3 Nf6 4. d4 exd4 5. e5 Ne4 6. Qc2 d5 7. cxd4 Be7 8. Nc3
Bf5 9. Qb3 O-O 10. Nxd5 Bg5 11. Bxg5 Nxg5 12. Rd1 Be6 13. Nxg5 Bxd5 14. Qe3 f6
15. Nxh7 Kxh7 16. Qh3+ Kg8 17. Bd3 f5 18. Bxf5 Qg5 19. Bh7+ Kf7 20. O-O Rh8 21.
g3 Be6 22. Qg2 Nxd4 23. f4 Qd8 24. Qe4 c5 25. Bg6+ Kf8 26. Qxb7 Bd5 27. Qa6 Qb6
28. Qd3 Qxb2 29. Rd2 Qb4 30. f5 Be4 31. Qxe4 Rb8 32. Qf4 1-0

[Event "6. Torneo de Promoción C.A. Mar Menor"]
[Site "San Pedro del Pinatar ESP"]
[Date "2015.01.31"]
[Round "3.10"]
[White "Martinez Lopez, Antonio Javier"]
[Black "Garcia Lopez, Juan Antonio"]
[Result "1-0"]
[WhiteElo "1707"]
[BlackElo "1921"]
[PlyCount "75"]
[EventDate "2015.01.30"]
[EventType "swiss"]
[EventRounds "7"]
[EventCountry "ESP"]
[Source "lmi"]
[SourceDate "2015.01.03"]

1. c4 Nf6 2. d4 d6 3. Nf3 g6 4. Nc3 Bg7 5. e4 O-O 6. Be2 e5 7. O-O Nc6 8. d5
Ne7 9. b4 a5 10. Ba3 axb4 11. Bxb4 Ne8 12. c5 f5 13. Ng5 h6 14. Ne6 Bxe6 15.
dxe6 fxe4 16. Bb5 d5 17. c6 bxc6 18. Bxe7 Qxe7 19. Bxc6 Rd8 20. Qb3 Nf6 21.
Nxd5 Nxd5 22. Bxd5 Rf4 23. a4 Rd6 24. a5 c6 25. Bc4 Rf8 26. Qb4 Kh7 27. a6 Rxe6
28. Qb7 Qxb7 29. axb7 Re7 30. Ra7 Rb8 31. Ba6 Rd7 32. Rc1 c5 33. Rxc5 Rd1+ 34.
Bf1 Rb1 35. Rc7 g5 36. g3 g4 37. Kg2 Rb2 38. Ba6 1-0

[Event "6. Torneo de Promoción C.A. Mar Menor"]
[Site "San Pedro del Pinatar ESP"]
[Date "2015.01.31"]
[Round "4.1"]
[White "Patino Andreu, Ramon"]
[Black "Escudero Manzano, Sergio"]
[Result "0-1"]
[WhiteElo "1879"]
[BlackElo "2081"]
[PlyCount "60"]
[EventDate "2015.01.30"]
[EventType "swiss"]
[EventRounds "7"]
[EventCountry "ESP"]
[Source "lmi"]
[SourceDate "2015.01.03"]

1. e4 c5 2. Nc3 Nc6 3. Bb5 Nd4 4. Bc4 e6 5. Nge2 Ne7 6. a4 Nec6 7. d3 g6 8. O-O
Bg7 9. Nxd4 Nxd4 10. Nb5 Nxb5 11. axb5 d5 12. exd5 exd5 13. Bb3 O-O 14. c3 Be6
15. Bf4 Qb6 16. Ba4 Rfc8 17. Qd2 a6 18. bxa6 Rxa6 19. Ra2 Rca8 20. Rfa1 Bd7 21.
Qc2 Qf6 22. Bg3 b5 23. Bb3 c4 24. dxc4 dxc4 25. Rxa6 Rxa6 26. Ba2 b4 27. Rd1
Rxa2 28. Rxd7 bxc3 29. Qd1 cxb2 30. Rd8+ Bf8 0-1

[Event "6. Torneo de Promoción C.A. Mar Menor"]
[Site "San Pedro del Pinatar ESP"]
[Date "2015.01.31"]
[Round "4.2"]
[White "Fernandez Alvarez, Luis"]
[Black "Aledo Yanguas, Javier"]
[Result "1-0"]
[WhiteElo "1973"]
[BlackElo "1828"]
[PlyCount "69"]
[EventDate "2015.01.30"]
[EventType "swiss"]
[EventRounds "7"]
[EventCountry "ESP"]
[Source "lmi"]
[SourceDate "2015.01.03"]

1. e4 c6 2. Nc3 d5 3. Nf3 Bg4 4. h3 Bxf3 5. Qxf3 e6 6. d4 dxe4 7. Qxe4 Nf6 8.
Qd3 Qb6 9. g3 Be7 10. Bg2 Nbd7 11. O-O O-O 12. b3 Rfd8 13. Na4 Qc7 14. Bb2 c5
15. Qe2 cxd4 16. Bxd4 Rac8 17. c4 b6 18. Nc3 Bc5 19. Nb5 Qb8 20. Bb2 a6 21. Nd4
Bxd4 22. Bxd4 Ne8 23. Rfd1 Nd6 24. Rac1 Nf5 25. Bb2 Qa7 26. b4 a5 27. a3 axb4
28. axb4 Nb8 29. g4 Nh4 30. Qe5 f6 31. Qxe6+ Kh8 32. Rxd8+ Rxd8 33. Bxf6 Nf3+
34. Bxf3 Rf8 35. Bb2 1-0

[Event "6. Torneo de Promoción C.A. Mar Menor"]
[Site "San Pedro del Pinatar ESP"]
[Date "2015.01.31"]
[Round "4.3"]
[White "Motos Abellan, Daniel"]
[Black "Perez Beltran, Jose Maria"]
[Result "1/2-1/2"]
[WhiteElo "1790"]
[BlackElo "1896"]
[PlyCount "63"]
[EventDate "2015.01.30"]
[EventType "swiss"]
[EventRounds "7"]
[EventCountry "ESP"]
[Source "lmi"]
[SourceDate "2015.01.03"]

1. d4 Nf6 2. c4 e6 3. Nc3 Bb4 4. e3 Bxc3+ 5. bxc3 Qe7 6. Be2 d6 7. Ba3 Nbd7 8.
Rb1 Ne4 9. Qc2 f5 10. Bf3 Ndf6 11. c5 dxc5 12. Bxc5 Nxc5 13. dxc5 c6 14. Ne2
Qxc5 15. Nd4 O-O 16. O-O e5 17. Nb3 Qe7 18. Na5 Qc7 19. Qa4 e4 20. Be2 b5 21.
Qb3+ Kh8 22. Qb4 Be6 23. c4 a6 24. Rfc1 c5 25. cxb5 axb5 26. Nb3 Qxh2+ 27. Kxh2
cxb4 28. Nd4 Bd7 29. Rc2 Nd5 30. Nxb5 Bxb5 31. Bxb5 Rfb8 32. Rc5 1/2-1/2

[Event "6. Torneo de Promoción C.A. Mar Menor"]
[Site "San Pedro del Pinatar ESP"]
[Date "2015.01.31"]
[Round "4.4"]
[White "Martinez Minarro, Francisco Jo"]
[Black "Martinez Lopez, Antonio Javier"]
[Result "1-0"]
[WhiteElo "1885"]
[BlackElo "1707"]
[PlyCount "65"]
[EventDate "2015.01.30"]
[EventType "swiss"]
[EventRounds "7"]
[EventCountry "ESP"]
[Source "lmi"]
[SourceDate "2015.01.03"]

1. d4 Nf6 2. Nc3 g6 3. e4 d6 4. Bc4 Bg7 5. Qe2 O-O 6. e5 Ne8 7. Bg5 Na6 8.
O-O-O Qd7 9. Nf3 e6 10. Ne4 d5 11. Nc5 dxc4 12. Nxd7 Bxd7 13. Qxc4 f6 14. exf6
Nxf6 15. Rhe1 Nd5 16. a3 Rf5 17. Be3 b5 18. Qd3 b4 19. a4 b3 20. Qxb3 Rb8 21.
Qd3 Nab4 22. Qe4 Nf6 23. Qh4 Na2+ 24. Kd2 Rh5 25. Qf4 Nd5 26. Qg3 Bxa4 27. Rb1
Nf6 28. Bg5 Rb4 29. b3 Bc6 30. Bxf6 Bxf6 31. Rxe6 Bxf3 32. Qxf3 Bxd4 33. Re8+
1-0

[Event "6. Torneo de Promoción C.A. Mar Menor"]
[Site "San Pedro del Pinatar ESP"]
[Date "2015.01.31"]
[Round "4.5"]
[White "Navarro Martinez, Daniel"]
[Black "Aparicio Gascon, Pedro"]
[Result "1/2-1/2"]
[WhiteElo "1919"]
[BlackElo "2012"]
[PlyCount "79"]
[EventDate "2015.01.30"]
[EventType "swiss"]
[EventRounds "7"]
[EventCountry "ESP"]
[Source "lmi"]
[SourceDate "2015.01.03"]

1. e4 e6 2. d4 d5 3. Nc3 Bb4 4. e5 c5 5. Bd2 Ne7 6. Nb5 Bxd2+ 7. Qxd2 O-O 8.
dxc5 Nd7 9. Qc3 a6 10. Nd6 Qc7 11. O-O-O Qxc5 12. Qxc5 Nxc5 13. f4 b5 14. Nf3
Nb7 15. Nxb7 Bxb7 16. Nd4 Rac8 17. g3 Nc6 18. Bh3 Nxd4 19. Rxd4 g6 20. Rhd1 h5
21. Bf1 Rc5 22. a4 Rfc8 23. c3 Bc6 24. Kd2 Bd7 25. Ra1 bxa4 26. Bxa6 Ra8 27.
Bd3 a3 28. b4 Rc7 29. b5 Rb7 30. c4 Ra4 31. Kc3 Bxb5 32. cxb5 Rc7+ 33. Bc4 dxc4
34. b6 Rb7 35. Rd8+ Kg7 36. Rd6 Ra6 37. Kxc4 Raxb6 38. Rxb6 Rxb6 39. Rxa3 Rb2
40. h4 1/2-1/2

[Event "6. Torneo de Promoción C.A. Mar Menor"]
[Site "San Pedro del Pinatar ESP"]
[Date "2015.01.31"]
[Round "4.6"]
[White "Alvarez Morales, Miguel"]
[Black "Martinez Buendia, Andres"]
[Result "1-0"]
[WhiteElo "1981"]
[BlackElo "1753"]
[PlyCount "91"]
[EventDate "2015.01.30"]
[EventType "swiss"]
[EventRounds "7"]
[EventCountry "ESP"]
[Source "lmi"]
[SourceDate "2015.01.03"]

1. d4 Nf6 2. Nf3 g6 3. c4 Bg7 4. Nc3 d6 5. g3 O-O 6. Bg2 Nc6 7. O-O a6 8. Bg5
Rb8 9. Qd2 Na5 10. b3 c5 11. dxc5 Ne4 12. Nxe4 Bxa1 13. Rxa1 f6 14. Bh6 Re8 15.
cxd6 Bf5 16. dxe7 Qxe7 17. Qxa5 Bxe4 18. Be3 Rbd8 19. Qc5 Rd6 20. Rf1 b6 21.
Qb4 Qd7 22. c5 bxc5 23. Qxc5 Rc8 24. Qb4 Bf5 25. Nd4 Rd8 26. Nxf5 Qxf5 27. Qc4+
Kg7 28. Qe4 Qd7 29. Qb7 Rd1 30. Rxd1 Qxb7 31. Bxb7 Rxd1+ 32. Kg2 Ra1 33. Bxa6
Rxa2 34. Bc4 Rc2 35. Bd4 g5 36. Bd3 Rc7 37. b4 Kf7 38. Bxh7 Ke6 39. Bg8+ Kf5
40. Bd5 g4 41. e4+ Kg6 42. b5 f5 43. b6 Rc8 44. b7 Re8 45. e5 f4 46. gxf4 1-0

[Event "6. Torneo de Promoción C.A. Mar Menor"]
[Site "San Pedro del Pinatar ESP"]
[Date "2015.01.31"]
[Round "4.7"]
[White "Soria Bastida, Juan Pablo"]
[Black "Lasheras, Juan Thomas"]
[Result "1/2-1/2"]
[WhiteElo "1709"]
[BlackElo "1977"]
[PlyCount "102"]
[EventDate "2015.01.30"]
[EventType "swiss"]
[EventRounds "7"]
[EventCountry "ESP"]
[Source "lmi"]
[SourceDate "2015.01.03"]

1. d4 d5 2. Nf3 c6 3. Bf4 Qb6 4. Qc1 Nf6 5. e3 Bf5 6. Be2 e6 7. O-O Nbd7 8.
Nbd2 Be7 9. h3 h6 10. Bh2 O-O 11. Re1 c5 12. c3 Rac8 13. Ne5 cxd4 14. Nxd7 Nxd7
15. exd4 Bg5 16. f4 Bh4 17. Rf1 Bh7 18. Nf3 Be7 19. Ne5 Rc7 20. Nxd7 Rxd7 21.
Qd2 Bd6 22. Rf2 Qc7 23. Bd3 Bxd3 24. Qxd3 a6 25. g4 f5 26. Qe3 Re7 27. Re1 b5
28. g5 Kh7 29. Qf3 Qd7 30. Rfe2 Qe8 31. Bg3 Qg6 32. h4 h5 33. Re3 Rfe8 34. Qd1
Qf7 35. R1e2 Kg8 36. Qe1 g6 37. Qd1 Qf8 38. Kg2 Kf7 39. Rf3 Rc8 40. Qe1 Qe8 41.
Qd2 Rc6 42. Qd3 Qc8 43. Re1 Qb7 44. Qe2 Bb8 45. Rc1 b4 46. Be1 a5 47. Qd3 Qc7
48. Bg3 Qb7 49. Rc2 Rec7 50. Qe3 Rc8 51. Be1 Qb6 1/2-1/2

[Event "6. Torneo de Promoción C.A. Mar Menor"]
[Site "San Pedro del Pinatar ESP"]
[Date "2015.01.31"]
[Round "4.8"]
[White "Cano Alarcon, Rafael"]
[Black "Borja Perez, Jose"]
[Result "0-1"]
[WhiteElo "1823"]
[BlackElo "1923"]
[PlyCount "48"]
[EventDate "2015.01.30"]
[EventType "swiss"]
[EventRounds "7"]
[EventCountry "ESP"]
[Source "lmi"]
[SourceDate "2015.01.03"]

1. e4 e5 2. Nf3 d6 3. d4 Nd7 4. Nc3 Ngf6 5. Bg5 Be7 6. Be2 O-O 7. O-O c6 8. a4
b6 9. d5 cxd5 10. Nxd5 Nxd5 11. Qxd5 Rb8 12. Bxe7 Qxe7 13. Nd2 Bb7 14. Qa2 Nf6
15. Bf3 d5 16. Rfe1 d4 17. Rac1 Rbc8 18. Be2 Nxe4 19. Bg4 Nxd2 20. Bxc8 Bxc8
21. Rcd1 Qg5 22. Qd5 Be6 23. Rxe5 Nf3+ 24. Qxf3 Qxe5 0-1

[Event "6. Torneo de Promoción C.A. Mar Menor"]
[Site "San Pedro del Pinatar ESP"]
[Date "2015.01.31"]
[Round "4.9"]
[White "Alcobas Cervantes, Miguel Ange"]
[Black "Grigoriev, Ivan"]
[Result "0-1"]
[WhiteElo "1857"]
[BlackElo "2161"]
[PlyCount "38"]
[EventDate "2015.01.30"]
[EventType "swiss"]
[EventRounds "7"]
[EventCountry "ESP"]
[Source "lmi"]
[SourceDate "2015.01.03"]

1. d4 Nf6 2. Nf3 c5 3. e3 g6 4. Be2 Bg7 5. O-O O-O 6. c4 d5 7. h3 cxd4 8. exd4
Nc6 9. Nc3 dxc4 10. Bxc4 b6 11. Bf4 Bb7 12. Rc1 Rc8 13. Qd2 Na5 14. Be2 Nc4 15.
Qd3 Nh5 16. Bh2 Nxb2 17. Qb5 Bxf3 18. Bxf3 Qxd4 19. Ne2 Qa4 0-1

[Event "6. Torneo de Promoción C.A. Mar Menor"]
[Site "San Pedro del Pinatar ESP"]
[Date "2015.01.31"]
[Round "4.10"]
[White "Caballero Frutos, Jose Alfredo"]
[Black "Garcia Ramos, Marcos"]
[Result "0-1"]
[WhiteElo "1686"]
[BlackElo "2137"]
[PlyCount "36"]
[EventDate "2015.01.30"]
[EventType "swiss"]
[EventRounds "7"]
[EventCountry "ESP"]
[Source "lmi"]
[SourceDate "2015.01.03"]

1. e4 c5 2. Nf3 e6 3. d4 cxd4 4. Nxd4 a6 5. c4 Nf6 6. Bd3 Nc6 7. Nxc6 dxc6 8.
O-O e5 9. Nc3 Bc5 10. Na4 Bd4 11. c5 Be6 12. Qc2 Ng4 13. h3 h5 14. hxg4 hxg4
15. g3 Qf6 16. Qe2 Qg6 17. Be3 Qh5 18. f4 Bxe3+ 0-1

[Event "6. Torneo de Promoción C.A. Mar Menor"]
[Site "San Pedro del Pinatar ESP"]
[Date "2015.01.31"]
[Round "5.1"]
[White "Escudero Manzano, Sergio"]
[Black "Fernandez Alvarez, Luis"]
[Result "1-0"]
[WhiteElo "2081"]
[BlackElo "1973"]
[PlyCount "88"]
[EventDate "2015.01.30"]
[EventType "swiss"]
[EventRounds "7"]
[EventCountry "ESP"]
[Source "lmi"]
[SourceDate "2015.01.03"]

1. e4 e6 2. d4 d5 3. Nd2 Nc6 4. Ngf3 Nf6 5. Bd3 Nb4 6. O-O Nxd3 7. cxd3 Be7 8.
Re1 O-O 9. Nb3 b6 10. Qc2 Bb7 11. Ne5 c5 12. dxc5 bxc5 13. Bg5 Rc8 14. Rac1 Qc7
15. Nf3 dxe4 16. dxe4 c4 17. Nbd2 Ba6 18. Qa4 Qb7 19. e5 Nd5 20. Bxe7 Nxe7 21.
Ne4 Qc6 22. Qa5 Qb6 23. Qd2 Rfd8 24. Qg5 Ng6 25. Nd6 Rc6 26. Qh5 h6 27. Nxf7
Kxf7 28. Nh4 Rd2 29. Rf1 c3 30. Qf3+ Kg8 31. Nxg6 Rc7 32. Qa8+ Kf7 33. Nh8+ Ke7
34. Qg8 Bxf1 35. Ng6+ Kd7 36. Qf7+ Kc8 37. Ne7+ Kb7 38. Qf3+ Kb8 39. Qf8+ Kb7
40. Qf3+ Ka6 41. Rxf1 Rxe7 42. Qxc3 Rdd7 43. Rc1 Rf7 44. Qc4+ Kb7 1-0

[Event "6. Torneo de Promoción C.A. Mar Menor"]
[Site "San Pedro del Pinatar ESP"]
[Date "2015.01.31"]
[Round "5.2"]
[White "Perez Beltran, Jose Maria"]
[Black "Martinez Minarro, Francisco Jo"]
[Result "1-0"]
[WhiteElo "1896"]
[BlackElo "1885"]
[PlyCount "51"]
[EventDate "2015.01.30"]
[EventType "swiss"]
[EventRounds "7"]
[EventCountry "ESP"]
[Source "lmi"]
[SourceDate "2015.01.03"]

1. e4 e6 2. d4 d5 3. Nd2 Nf6 4. e5 Nfd7 5. Bd3 c5 6. c3 Nc6 7. Ne2 cxd4 8. cxd4
f6 9. exf6 Nxf6 10. O-O Bd6 11. Nf3 Qc7 12. g3 O-O 13. Bf4 Bxf4 14. Nxf4 Ne4
15. Qc1 Qb6 16. Qe3 Nd6 17. b3 Nf5 18. Bxf5 Rxf5 19. Nd3 a5 20. Rac1 Nb4 21.
Nxb4 axb4 22. Ne5 Qd6 23. Rc2 Rf8 24. Rfc1 Qb6 25. Rc7 h6 26. Qd3 1-0

[Event "6. Torneo de Promoción C.A. Mar Menor"]
[Site "San Pedro del Pinatar ESP"]
[Date "2015.01.31"]
[Round "5.3"]
[White "Motos Abellan, Daniel"]
[Black "Alvarez Morales, Miguel"]
[Result "0-1"]
[WhiteElo "1790"]
[BlackElo "1981"]
[PlyCount "68"]
[EventDate "2015.01.30"]
[EventType "swiss"]
[EventRounds "7"]
[EventCountry "ESP"]
[Source "lmi"]
[SourceDate "2015.01.03"]

1. d4 Nf6 2. c4 e6 3. Nc3 Bb4 4. e3 b6 5. Be2 Bb7 6. Bf3 Bxf3 7. Qxf3 Bxc3+ 8.
bxc3 d5 9. cxd5 Qxd5 10. Ba3 Nc6 11. Qxd5 exd5 12. Nf3 Na5 13. Ne5 Nd7 14. Nxd7
Kxd7 15. Bb4 Nc4 16. a4 a5 17. Ba3 Rab8 18. Ke2 b5 19. Rhb1 bxa4 20. Rxb8 Rxb8
21. Bc1 Rb3 22. Kd3 a3 23. Kc2 a4 24. Ra2 f5 25. f3 Kc6 26. Kd3 Kb5 27. Kc2
Rb2+ 28. Bxb2 axb2 29. Rxb2+ Nxb2 30. Kxb2 Kc4 31. Ka3 Kxc3 32. Kxa4 f4 33. e4
Kxd4 34. exd5 Kxd5 0-1

[Event "6. Torneo de Promoción C.A. Mar Menor"]
[Site "San Pedro del Pinatar ESP"]
[Date "2015.01.31"]
[Round "5.4"]
[White "Grigoriev, Ivan"]
[Black "Navarro Martinez, Daniel"]
[Result "1-0"]
[WhiteElo "2161"]
[BlackElo "1919"]
[PlyCount "49"]
[EventDate "2015.01.30"]
[EventType "swiss"]
[EventRounds "7"]
[EventCountry "ESP"]
[Source "lmi"]
[SourceDate "2015.01.03"]

1. c4 g6 2. g3 Bg7 3. Bg2 Nf6 4. Nc3 O-O 5. Nf3 d6 6. O-O e5 7. d3 c6 8. c5 Ne8
9. cxd6 Nxd6 10. Rb1 Na6 11. b4 Nc7 12. Bb2 Re8 13. Nd2 Be6 14. a4 a6 15. Nce4
Bd5 16. Qc2 f5 17. Nxd6 Qxd6 18. Nc4 Bxc4 19. Qxc4+ Kh8 20. Rbc1 Rad8 21. Qc5
Nd5 22. Qxd6 Rxd6 23. b5 e4 24. Bxg7+ Kxg7 25. bxc6 1-0

[Event "6. Torneo de Promoción C.A. Mar Menor"]
[Site "San Pedro del Pinatar ESP"]
[Date "2015.01.31"]
[Round "5.5"]
[White "Garcia Ramos, Marcos"]
[Black "Nazarov, Alexander"]
[Result "1/2-1/2"]
[WhiteElo "2137"]
[BlackElo "1898"]
[PlyCount "64"]
[EventDate "2015.01.30"]
[EventType "swiss"]
[EventRounds "7"]
[EventCountry "ESP"]
[Source "lmi"]
[SourceDate "2015.01.03"]

1. e4 c5 2. Nf3 d6 3. d4 cxd4 4. Nxd4 Nf6 5. Nc3 a6 6. Be3 Ng4 7. Bg5 h6 8. Bh4
Nc6 9. h3 Nf6 10. Qd2 Qb6 11. Nb3 Be6 12. f4 Bxb3 13. axb3 e6 14. Bf2 Qd8 15.
Be2 Be7 16. Bf3 e5 17. Nd5 Nxd5 18. exd5 Nd4 19. Bxd4 exd4 20. Qxd4 Bh4+ 21.
Kd2 O-O 22. c3 Re8 23. Kc2 Bg3 24. Rhf1 Qh4 25. Ra4 b5 26. Rb4 f5 27. Qd3 g6
28. Qd2 Re7 29. Ra1 Ree8 30. Rf1 Be1 31. Qd4 Bg3 32. Qb6 Qe7 1/2-1/2

[Event "6. Torneo de Promoción C.A. Mar Menor"]
[Site "San Pedro del Pinatar ESP"]
[Date "2015.01.31"]
[Round "5.6"]
[White "Alcaraz Martinez, Felipe"]
[Black "Amate Tortosa, Bernardo"]
[Result "1/2-1/2"]
[WhiteElo "1887"]
[BlackElo "2134"]
[PlyCount "107"]
[EventDate "2015.01.30"]
[EventType "swiss"]
[EventRounds "7"]
[EventCountry "ESP"]
[Source "lmi"]
[SourceDate "2015.01.03"]

1. d4 Nf6 2. c4 e6 3. Nc3 Bb4 4. Qc2 O-O 5. a3 Bxc3+ 6. Qxc3 b6 7. Nf3 Bb7 8.
e3 Ne4 9. Qc2 d6 10. Be2 Nd7 11. b4 f5 12. O-O g5 13. Nd2 Ndf6 14. Nxe4 Bxe4
15. Bd3 g4 16. Bb2 Rf7 17. Kh1 c6 18. f3 Bxd3 19. Qxd3 d5 20. Rac1 h5 21. cxd5
cxd5 22. Rc6 Qd7 23. Qc2 h4 24. Rc1 h3 25. Rc8+ Rxc8 26. Qxc8+ Kh7 27. Qxd7
hxg2+ 28. Kxg2 gxf3+ 29. Kxf3 Rxd7 30. b5 Ne4 31. Rc2 Nd6 32. a4 Nc4 33. Kf4
Kg6 34. Bc3 Rh7 35. Be1 Kf6 36. Bg3 Rg7 37. Kf3 Rg4 38. Bb8 e5 39. Bxe5+ Nxe5+
40. dxe5+ Kxe5 41. Ra2 Rb4 42. a5 Rxb5 43. axb6 axb6 44. h4 Rb4 45. Rh2 f4 46.
exf4+ Rxf4+ 47. Ke3 Re4+ 48. Kd3 Kf6 49. h5 Kg7 50. h6+ Kh7 51. Rh5 Rb4 52.
Rxd5 Kxh6 53. Rf5 Kg6 54. Rf1 1/2-1/2

[Event "6. Torneo de Promoción C.A. Mar Menor"]
[Site "San Pedro del Pinatar ESP"]
[Date "2015.01.31"]
[Round "5.7"]
[White "Sabater Sanchez, Asensio"]
[Black "Patino Andreu, Ramon"]
[Result "1/2-1/2"]
[WhiteElo "2117"]
[BlackElo "1879"]
[PlyCount "75"]
[EventDate "2015.01.30"]
[EventType "swiss"]
[EventRounds "7"]
[EventCountry "ESP"]
[Source "lmi"]
[SourceDate "2015.01.03"]

1. e4 e5 2. Nf3 Nc6 3. Bb5 a6 4. Bxc6 dxc6 5. d4 exd4 6. Qxd4 Qxd4 7. Nxd4 Bg4
8. f3 Bh5 9. Be3 O-O-O 10. Nd2 Be7 11. O-O-O Bc5 12. Nf5 Bxe3 13. Nxe3 Ne7 14.
g4 Bg6 15. Nf5 Bxf5 16. gxf5 f6 17. Nf1 g6 18. Rxd8+ Kxd8 19. fxg6 hxg6 20. Rg1
Kd7 21. Kd2 Ke6 22. Ke3 g5 23. Rg2 Ng6 24. Rd2 Ne5 25. b3 Rh3 26. Ng3 g4 27. f4
Nf3 28. f5+ Ke7 29. Rg2 Nxh2 30. Kf4 Rh4 31. e5 fxe5+ 32. Kg5 Nf3+ 33. Kg6 Kf8
34. f6 Rh8 35. Nf5 Rg8+ 36. Kh7 Ng5+ 37. Kh6 Nf7+ 38. Kh7 1/2-1/2